John Byington : (Record no. 25263)
[ view plain ]
| 000 -LEADER | |
|---|---|
| fixed length control field | 01108cam a22003018i 4500 |
| 001 - CONTROL NUMBER | |
| control field | 1002722369 |
| 003 - CONTROL NUMBER IDENTIFIER | |
| control field | AUA.1 |
| 005 - DATE AND TIME OF LATEST TRANSACTION | |
| control field | 20251120171539.0 |
| 008 - FIXED-LENGTH DATA ELEMENTS--GENERAL INFORMATION | |
| fixed length control field | 170831s2018 idua 001 0beng |
| 010 ## - LIBRARY OF CONGRESS CONTROL NUMBER | |
| LC control number | 2016047941 |
| 020 ## - INTERNATIONAL STANDARD BOOK NUMBER | |
| International Standard Book Number | 9780816362004 |
| 020 ## - INTERNATIONAL STANDARD BOOK NUMBER | |
| International Standard Book Number | 0816362009 |
| 035 ## - SYSTEM CONTROL NUMBER | |
| System control number | (OCoLC)1002722369 |
| 040 ## - CATALOGING SOURCE | |
| Original cataloging agency | DLC |
| Language of cataloging | eng |
| Description conventions | rda |
| Transcribing agency | DLC |
| Modifying agency | OCLCQ |
| -- | EXN |
| -- | JTL |
| 050 00 - LIBRARY OF CONGRESS CALL NUMBER | |
| Classification number | BX6143.B95 |
| Item number | S77 2018 |
| 082 00 - DEWEY DECIMAL CLASSIFICATION NUMBER | |
| Classification number | 286.7092 |
| -- | B |
| Edition number | 23 |
| 100 1# - MAIN ENTRY--PERSONAL NAME | |
| Personal name | Strayer, Brian Eugene, |
| Relator term | author. |
| 9 (RLIN) | 47393 |
| 245 10 - TITLE STATEMENT | |
| Title | John Byington : |
| Remainder of title | first General Conference President, circuit-riding preacher, and radical reformer / |
| Statement of responsibility, etc | Brian E. Strayer. |
| 260 ## - PUBLICATION, DISTRIBUTION, ETC. (IMPRINT) | |
| Place of publication, distribution, etc | Nampa, Idaho : |
| Name of publisher, distributor, etc | Pacific Press Publishing Association; |
| Date of publication, distribution, etc | c2017. |
| 300 ## - PHYSICAL DESCRIPTION | |
| Extent | 302 pages : |
| Other physical details | illustrations ; |
| Dimensions | 24 cm. |
| 490 0# - SERIES STATEMENT | |
| Series statement | Adventist pioneer series ; |
| Volume number/sequential designation | 12. |
| 500 ## - GENERAL NOTE | |
| General note | Includes index. |
| 600 10 - SUBJECT ADDED ENTRY--PERSONAL NAME | |
| Personal name | Byington, John, |
| Dates associated with a name | 1798-1887. |
| 600 30 - SUBJECT ADDED ENTRY--PERSONAL NAME | |
| Personal name | Byington family. |
| 610 20 - SUBJECT ADDED ENTRY--CORPORATE NAME | |
| Corporate name or jurisdiction name as entry element | General Conference of Seventh-Day Adventists |
| General subdivision | Presidents |
| Form subdivision | Biography. |
| 830 #0 - SERIES ADDED ENTRY--UNIFORM TITLE | |
| Uniform title | Ronald L. Numbers Library Collection. |
| 942 ## - ADDED ENTRY ELEMENTS (KOHA) | |
| Source of classification or shelving scheme | Library of Congress Classification |
| Koha item type | Books |
| Classification part | BX 6143 .B95 |
| Item part | S77 2018 |
| Withdrawn status | Lost status | Source of classification or shelving scheme | Damaged status | Not for loan | Collection code | Home library | Current library | Shelving location | Date acquired | Source of acquisition | Cost, normal purchase price | Serial Enumeration / chronology | Total Checkouts | Full call number | Barcode | Date last seen | Cost, replacement price | Price effective from | Koha item type |
|---|---|---|---|---|---|---|---|---|---|---|---|---|---|---|---|---|---|---|---|
| Library of Congress Classification | Books | Judith Thomas Library | Judith Thomas Library | General Stacks | 20/11/2025 | Bought by JTL | 30.00 | AUA28009 | BX 6143 .B95 S77 2018 | AUA28009 | 20/11/2025 | 30.00 | 20/11/2025 | Books |